Textilní zbožíznalství : vlákenné suroviny, příze a nitě

Hlavní autor: Staněk, Jaroslav, 1932-2015
Korporativní autor: Technická univerzita v Liberci. Katedra hodnocení textilií
Jazyk: Čeština
Vydáno: Liberec : Technická univerzita v Liberci, 2002
Vydání: Vyd. 1.
Edice: Učební text pro bakalářská studia FT
Témata:
Fyzický popis: 84 s. : il. ; 21 cm
Knihy
Uloženo v:
LEADER 01370nam a2200373 a 4500
001 000588167
003 CZ BrMZK
005 20070109105655.0
007 ta
008 020222s2002 xr e p cze d
015 |a cnb001089216 
020 |a 80-7083-555-9 
035 |a (OCoLC)51190445 
040 |a BOA001  |b cze 
072 7 |a 677  |x Textilní průmysl  |2 Konspekt  |9 19 
072 7 |a 37.016  |x Učební osnovy. Vyučovací předměty. Učebnice  |2 Konspekt  |9 22 
080 |a 677.1/.5  |2 MRF 
080 |a 620.2  |2 MRF 
080 |a (075.8)  |2 MRF 
100 1 |a Staněk, Jaroslav,  |d 1932-2015  |7 jx20031130129  |4 aut 
245 1 0 |a Textilní zbožíznalství :  |b vlákenné suroviny, příze a nitě 
250 |a Vyd. 1. 
260 |a Liberec :  |b Technická univerzita v Liberci,  |c 2002 
300 |a 84 s. :  |b il. ;  |c 21 cm 
490 1 |a Učební text pro bakalářská studia FT 
504 |a Obsahuje bibliografii 
650 0 7 |a textilní vlákna  |7 ph126625  |2 czenas 
650 0 7 |a zbožíznalství  |7 ph127557  |2 czenas 
655 7 |a učebnice vysokých škol  |7 fd133772  |2 czenas 
710 2 |a Technická univerzita v Liberci.  |b Katedra hodnocení textilií  |7 kn20020415012 
830 0 |a Učební text pro bakalářská studia FT 
910 |a BOA001  |b 2-1098.622 
990 |a BK 
996 6 |b 2610153902  |c 2-1098.622  |l MZK  |r Sklad / do 1 hodiny  |n 2  |p p.v.  |w 000588167  |u 000010  |a 1  |e BOA001  |j MZK50  |s P